| 000 | 00731nam a22001577a 4500 | ||
|---|---|---|---|
| 003 | OSt | ||
| 005 | 20151008095321.0 | ||
| 008 | 151008b xxu||||| |||| 00| 0 eng d | ||
| 040 | _cRUA | ||
| 082 | _aAVM HAK 2006 B078 Or.1 | ||
| 100 |
_92341 _aHAK, CHANLINA. |
||
| 245 | _aLetilization of pumpkin on the growth rate of quail at animal station farm of RUA (ការប្រើប្រាស់ផ្លែល្ពៅទៅលើការលូតលាស់របស់ក្រួចនៅស្ថានីយ៏ចិញ្ចឺមសត្វនៃសាកលវិទ្យាល័យភូមិន្ទកសិកម្ម) | ||
| 260 |
_aPhnom Penh _bRUA _c2006 |
||
| 300 |
_ax, 43p. _bill. _c29cm. |
||
| 942 |
_2ddc _cAVM |
||
| 999 |
_c2207 _d2207 |
||